Formule 1 - Quiz écurie : Benetton - Statistiques

Statistiques générales
  • Ce quiz a été pris 46 fois
  • Le résultat moyen est 18 sur 35
Statistiques - réponses
Hint Réponse % Correct
Titres de champion du monde Nombre de titres constructeur 1
97%
Titres de champion du monde Nombre de titres pilote 2
97%
Histoire Dernière année en F1 2001
97%
Titres de champion du monde 1er titre (années) 1994
91%
Titres de champion du monde 2e titre (années) 1995
91%
Titres de champion du monde 3e titre (années) 1995
91%
Histoire Première année de F1 1986
88%
Tous les pilotes 1991 - 1995 Michael Schumacher
88%
Histoire Couleur Bleu
82%
Histoire Fondateur Luciano Benetton
70%
Histoire Président Luciano Benetton
70%
Histoire Directeurs Rocco Benetton
70%
Histoire Pays d'origine Royaume-Uni
64%
Histoire Directeurs Flavio Briatore
61%
L'avant / après Qui a racheté l'écurie après ? Renault
58%
Tous les pilotes 1996 - 1997 Jean Alesi
52%
Tous les pilotes 2001 Jenson Button
52%
Tous les pilotes 1986 & 1996 - 1997 Gerhard Berger
45%
Tous les pilotes 1998 - 2001 Giancarlo Fisichella
45%
Tous les pilotes 1989 & 1994 - 1995 Johnny Herbert
45%
Tous les pilotes 1990 - 1991 Nelson Piquet
39%
Histoire Nom Complet (aujourd'hui) Benetton Formula
36%
Tous les pilotes 1994 Jos Verstappen
36%
Tous les pilotes 1997 - 2000 Alexander Wurz
33%
Tous les pilotes 1988 - 1990 Alessandro Nannini
30%
Tous les pilotes 1986 - 1987 Teo Fabi
30%
Tous les pilotes 1992 Martin Brundle
27%
Tous les pilotes 1993 Riccardo Patrese
27%
Tous les pilotes 1990 - 1991 Roberto Moreno
27%
Tous les pilotes 1987 - 1988 Thierry Boutsen
27%
L'avant / après Quelle était le nom de l'écurie avant de devenir Benetton ? Toleman
27%
Histoire Nombre de course disputés 260
18%
Tous les pilotes 1994 JJ Lehto
18%
Tous les pilotes 1989 Emanuele Pirro
12%
Histoire Directeurs David Richards
6%
Aucun quiz correspondant
Distribution des résultats
% des personnes avec chaque résultat
Percentile par nombre de réponses
Votre historique - résultats
Vous n’avez pas pris ce quiz